000 00903cab a2200265 4500
001 WB3510-44
008 090401t1999 xxu||||| |||| 00| 0 eng d
035 _a(Sirsi) u91971
041 _aeng
245 _aFlood of private flats
260 _c1999
350 _a0
490 _aProperty Week
_v64 (9) 5 March 1999, 23(1)
520 _a9,500 flats will be completed in London this year, according to figures from London Residential Research. This is 10% up on last year, and is in line with FPD Savills' forecast of oversupply in the London market last month. Charts.
650 _aFLATS
650 _aFPD SAVILLS
650 _aLONDON RESIDENTIAL RESEARCH
650 _aLONDON
650 _aOVERSUPPLY
650 _aRESIDENTIAL PROPERTY MARKET
650 _aSOCIAL HOUSING
690 _aPROPERTY-RESIDENTIAL PROPERTY-RESIDENTIAL PROPERTY MARKET
942 _n0
948 _c11/03/1999
999 _c58319
_d58319